00883cam a2200193 a 450000100100000000500170001000800410002704000250006808200140009310000440010724500830015126000710023430000210030549000430032650001800036961000560054965100390060583000450064400001507620200929163940.0751208s1945 ck 000 0dspa  aDO-SdBNPbspacBNPHU axxbR788f1 aRosa, José Nicolás de ladfl. 1739.10aFloresta de la Santa iglesia catedral de la ciudad y provincia de Santa Marta. a[Barranquilla] :bBiblioteca departamental del Atlántico,c1945. a362 p. ;c21 cm.0 aBiblioteca de escritores costeñosv1 a"El alferez D. José Nicolás de la Rosa escribio la Floresta de la Santa iglesia catedral de Santa Marta en el año 1739, obra que ... [fue] publicada en 1742."-- p. [355]20aCatholic Church.bDiocese of Santa Marta (Colombia) 0aMagdalena (Colombia : Dept.{Rpara} 0aBiblioteca de escritores costeños ;v1